What things mean / (Record no. 344330)
[ view plain ]
| 000 -LEADER | |
|---|---|
| fixed length control field | 00478nam a2200193Ia 4500 |
| 008 - FIXED-LENGTH DATA ELEMENTS--GENERAL INFORMATION | |
| fixed length control field | 170918s9999 xx 000 0 und d |
| 020 ## - INTERNATIONAL STANDARD BOOK NUMBER | |
| International Standard Book Number | 9789810940546 |
| 050 ## - LIBRARY OF CONGRESS CALL NUMBER | |
| Item number | L481wh 2016 |
| 100 ## - MAIN ENTRY--PERSONAL NAME | |
| Personal name | Lee, Sophia N. |
| 245 ## - TITLE STATEMENT | |
| Title | What things mean / |
| 245 ## - TITLE STATEMENT | |
| Statement of responsibility, etc | by Sophia N. Lee. |
| 260 ## - PUBLICATION, DISTRIBUTION, ETC. (IMPRINT) | |
| Place of publication, distribution, etc | New York : |
| 260 ## - PUBLICATION, DISTRIBUTION, ETC. (IMPRINT) | |
| Name of publisher, distributor, etc | Scholastic, |
| 260 ## - PUBLICATION, DISTRIBUTION, ETC. (IMPRINT) | |
| Date of publication, distribution, etc | 2016 |
| 300 ## - PHYSICAL DESCRIPTION | |
| Extent | 133 pages : |
| 300 ## - PHYSICAL DESCRIPTION | |
| Other physical details | illustrations ; |
| 300 ## - PHYSICAL DESCRIPTION | |
| Dimensions | 18cm. |
| 300 ## - PHYSICAL DESCRIPTION | |
| Accompanying material | Scholastic Asian book award winner. |
| Withdrawn status | Lost status | Damaged status | Home library | Current library | Date acquired | Total Checkouts | Full call number | Barcode | Date last seen | Price effective from | Koha item type |
|---|---|---|---|---|---|---|---|---|---|---|---|
| Stonyhurst Southville International School (Malarayat) | Stonyhurst Southville International School (Malarayat) | 09/18/2017 | FIC L481wh 2016 | SSISM3402 | 09/18/2017 | 09/18/2017 | Books |